| 000 | 01114nac a22002171u 4500 | ||
|---|---|---|---|
| 010 | _a 93010043 | ||
| 020 | _a0471938505 | ||
| 082 | 0 | 0 |
_a388.3124094 _bU561 |
| 090 |
_c4020 _d4020 |
||
| 100 | _a20080729 | ||
| 245 | 0 | 0 |
_aInformation technology on the move : _btechnical and behavioural evaluations of mobile telecommunications / _cGeoffrey Underwood ... [et al.]. |
| 260 |
_aChichester, West Sussex, England ; _aNew York : _bJohn Wiley,1994 _c1994. |
||
| 300 |
_aix, 245 p. : _bill. ; _c24 cm. |
||
| 504 | _aIncludes bibliographical references (p. 233-237) and index. | ||
| 650 | 0 |
_aIntelligent Vehicle Highway Systems _zEuropean Economic Community countries. |
|
| 650 | 0 |
_aTransportation, Automotive _zEuropean Economic Community countries _xCommunication systems _xTechnological innovations. |
|
| 650 | 0 |
_aAutomobile driving _zEuropean Economic Community countries. |
|
| 700 | 1 |
_aUnderwood, Geoffrey _q(Geoffrey D. M.) |
|
| 942 |
_cNB _k388.3124094U561 |
||
| 999 |
_c4020 _d4020 |
||